all south park characters - Statistics

General Stats
  • This quiz has been taken 191 times
  • The average score is 31 of 122
Answer Stats
characters % Correct
eric cartman
97%
stan marsh
96%
kenny mccormick
95%
kyle broflovski
95%
kyle schwartz
92%
wendy testaburger
81%
butters stotch
80%
randy marsh
80%
bebe stevens
77%
big gay al
77%
token black
77%
craig tucker
75%
ike broflovski
72%
sheila broflovski
71%
clyde donovan
68%
herbert garrison
67%
sharon marsh
67%
shelly marsh
67%
tweek tweak
67%
jimmy valmer
63%
mr mackey
63%
timmy burch
61%
chef
53%
gerald broflovski
52%
liane cartman
45%
terrance
45%
philip
44%
red
43%
scott malkinson
43%
scott tenorman
43%
pc principal
40%
karen mccormick
39%
jimbo kern
37%
principal victoria
37%
pip pirrip
35%
heidi turner
32%
stuart mccormick
31%
kevin mccormick
28%
kevin stoley
28%
mayor mcdaniels
28%
mr slave
28%
jesus
27%
carol mccormick
24%
diane choksondik
24%
satan
24%
marvin marsh
23%
mr hat
23%
nichole daniels
21%
barbrady
20%
annie knitts
17%
god
17%
jason white
17%
michael
17%
mr hankey
16%
mr kitty
16%
nathan
16%
veronica crabtree
16%
bradley biggle
15%
jack tenorman
15%
starvin marvin
15%
al gore
13%
dr alphonse mephesto
12%
millie larsen
12%
bob johnson
11%
dougie
11%
mimsy
11%
skeeter
11%
sparky
11%
chris donnely
9%
dogpoo petuski
9%
father maxi
9%
tuong lu kim
9%
professor chaos
8%
ugly bob
8%
richard adler
7%
sally
7%
sally turner
7%
dr doctor
5%
harrison yate
5%
junichi takiyama
5%
lemmiwinks
5%
mr derp
5%
ned gerblansky
5%
henrietta biggle
4%
meagan ridley
4%
mr twig
4%
muhammad
4%
nurse gollum
4%
pete
4%
ted
4%
clyde frog
3%
firkle smith
3%
general disarray
3%
general plymkin
3%
katherine queef
3%
mr conners
3%
ms stevenson
3%
yvonne streibel
3%
barney
1%
beelzeboot
1%
buddha
1%
canadian president
1%
cows
1%
elephant
1%
fifi
1%
fluffy
1%
garland
1%
gobbles
1%
jakovasaur
1%
katie queef
1%
mcnuggets
1%
mitch conner
1%
moses
1%
polly prissypants
1%
prince of canada
1%
princess of canada
1%
rex
1%
stephen abootman
1%
awesom-o 4000
0%
cupid me
0%
mr biggles
0%
peter panda
0%
No matching quizzes found
Score Distribution
Percent of People with Each Score
Percentile by Number Answered
Your Score History
You have not taken this quiz